Kraje Europy po angielsku #2 - Statystyki

Ogólne statystyki
  • Ten quiz został rozwiązany 34 razy
  • Średni wynik to 10 z 15
Statystyki odpowiedzi
Po polsku Po angielsku % Poprawnych
Hiszpania Spain
97%
Norwegia Norway
83%
Niemcy Germany
80%
Liechtenstein Liechtenstein
80%
Holandia Netherlands
80%
Islandia Iceland
77%
Malta Malta
77%
Monako Monaco
73%
Łotwa Latvia
67%
Macedonia Północna North Macedonia
67%
Litwa Lithuania
63%
Luksemburg Luxembourg
63%
Mołdawia Moldova
57%
Kazachstan Kazakhstan
30%
Irlandia Irleand
23%
Nie znaleziono quizów pasujących do podanych kryteriów
Rozkład punktacji
Procent ludzi z każdym wynikiem
Percentyl według liczby udzielonych odpowiedzi
Twoja historia wyników
Nie rozwiązałeś tego quizu